000 00440nam a2200193Ia 4500
005 20240823022729.0
008 240823s9999||||xx |||||||||||||| ||und||
020 _a81-7809-074-0
041 _aENGLISH
082 _A158 P1
100 _a"Duncan,Todd"
245 4 _aThe Power to Be Your Best
250 _a1st
260 _c2001
_b"Magna,M"
_aMumbai
500 _aYES
650 _aImaging
_bGeneral
942 _cBK
999 _c179863
_d179863